| 000 | 00940nam a2200241 i 4500 | ||
|---|---|---|---|
| 001 | 171979 | ||
| 003 | ES-MaACL | ||
| 005 | 20250808062821.0 | ||
| 008 | 090610s1986 sp |||| | spa d | ||
| 020 | _a84-220-1239-1 | ||
| 100 | 1 |
_aRiaza Morales, José María. _996695 |
|
| 245 | 1 | 3 |
_aEl comienzo del mundo. _nII, _pEl Universo : sus orígenes a la luz de los avances científicos actuales / _cpor José Mª Riaza Morales. |
| 260 |
_aMadrid : _bLa Editorial Católica, _c1986. |
||
| 300 |
_a1 v. (XXIV, XII p. de lám., 483 p.) : _bgráf., il. ; _c20 cm. |
||
| 490 | 1 |
_aBiblioteca de autores cristianos ; _v476 |
|
| 500 | _aÍndices. | ||
| 504 | _aBibliografía : p. [XIII]- XXIV. | ||
| 650 | 7 |
_aCosmogonía _2embne _911387 |
|
| 740 | 3 | 2 | _aEl Universo: sus orígenes a la luz de los avances científicos actuales. |
| 830 | 1 | 0 |
_aBiblioteca de autores cristianos _v476 _9178679 |
| 852 |
_aES-MaACL _jJ-465 |
||
| 999 |
_c171979 _d171979 |
||